Comparison between sodium dodecyl sulfate and polyfructose surfactant systems in urea deproteinisation of natural rubber latex (Record no. 55984)

MARC details
000 -LEADER
fixed length control field 00666nam a2200217Ia 4500
100 ## - MAIN ENTRY--AUTHOR NAME
Personal name Manroshan S
245 #0 - TITLE STATEMENT
Title Comparison between sodium dodecyl sulfate and polyfructose surfactant systems in urea deproteinisation of natural rubber latex
260 ## - PUBLICATION, DISTRIBUTION, ETC. (IMPRINT)
Name of publisher Journal of Rubber Research
Year of publication 2009
300 ## - PHYSICAL DESCRIPTION
Number of Pages 11-Jan
520 ## - SUMMARY, ETC.
Summary, etc DL
650 ## - SUBJECT ADDED ENTRY--TOPICAL TERM
Topical Term Deproteinised NRL
650 ## - SUBJECT ADDED ENTRY--TOPICAL TERM
Topical Term Hydrophobically modified polyfructose surfactant
650 ## - SUBJECT ADDED ENTRY--TOPICAL TERM
Topical Term Sodium dodecyl sulphate
700 ## - ADDED ENTRY--PERSONAL NAME
Personal name Amir-Hashim M Y
700 ## - ADDED ENTRY--PERSONAL NAME
Personal name Booten K
700 ## - ADDED ENTRY--PERSONAL NAME
Personal name Kawahara S
700 ## - ADDED ENTRY--PERSONAL NAME
Personal name Mok K L
700 ## - ADDED ENTRY--PERSONAL NAME
Personal name Mustafa Asrul
942 ## - ADDED ENTRY ELEMENTS (KOHA)
Koha item type Journals
Holdings
Withdrawn status Lost status Damaged status Not for loan Home library Current library Shelving location Date acquired Serial Enumeration / chronology Koha item type
      Journals RRII Library RRII Library Rubber technology 08/05/2009 Volume 12, Issue 1 Journals